مكتبة جامعة عجلون الوطنية

فهرس بحث المكتبة

Normal view MARC view
  • Islam - Doctrines

Entry Topical Term

Number of records used in: 1

001 - CONTROL NUMBER

  • control field: 5345

003 - CONTROL NUMBER IDENTIFIER

  • control field: JO-AjAnu

005 - DATE AND TIME OF LATEST TRANSACTION

  • control field: 20230606071152.0

008 - FIXED-LENGTH DATA ELEMENTS

  • fixed length control field: 230606|| aca||aabn | a|a d

040 ## - CATALOGING SOURCE

  • Original cataloging agency: JO-AjAnu
  • Transcribing agency: JO-AjAnu

150 ## - HEADING--TOPICAL TERM

  • Topical term or geographic name entry element: Islam - Doctrines

670 ## - SOURCE DATA FOUND

  • Source citation: Work cat.: (JO-AjAnu)2758: Gulen, Fethullah, author 5344, Questions and Answers about Faith vol.1